00349nam a2200133Ia 4500008004100000020001500041082001500056100002200071245001500093250001200108260006000120300001300180700002200193161229s9999 xx 000 0 und d a8120307704 a658 STO/MA aStoner, James A F aManagement a5th ed. bPrentice Hall Of India Private LimitedaNew Delhic1992 axxv, 734 aFreeman, R Edward